| 000 | 01142 a2200289 4500 | ||
|---|---|---|---|
| 003 | OSt | ||
| 005 | 20260129095329.0 | ||
| 008 | 120529t xxu||||| |||| 00| 0 eng d | ||
| 010 | _a 2003044482 | ||
| 020 | _a1588390438 (hc.) | ||
| 020 | _a1588390446 (pbk.) | ||
| 040 | _c0 | ||
| 082 | 0 | 0 | _a711.40 |
| 245 | 0 | 0 |
_aArt of the first cities : _bthe third millennium B.C. from the Mediterranean to the Indus / _cedited by Joan Aruz with Ronald Wallenfels. |
| 260 |
_aNew York : _bMetropolitan Museum of Art : _aNew Haven, _bYale University Press, _cc2003. |
||
| 300 |
_axxiv, 540 p. : _bill. (chiefly col.) ; _c31 cm. |
||
| 500 | _aCatalog of an exhibition being held at the Metropolitan Museum of Art from May 8 to Aug. 17, 2003. | ||
| 650 | 0 |
_aArt, Ancient _933427 |
|
| 650 | 0 |
_aCities and towns, Ancient _923377 |
|
| 650 | 0 |
_aCivilization, Ancient _95364 |
|
| 650 | 0 |
_aMiddle East _9523 |
|
| 700 | 1 |
_aAruz, Joan. _933428 |
|
| 700 | 1 |
_aWallenfels, Ronald. _933429 |
|
| 710 | 2 |
_aMetropolitan Museum of Art (New York, N.Y.) _96683 |
|
| 942 |
_aSADA _cBK _k711.40 ART 2003 _2ddc |
||
| 999 |
_c352705 _d352705 |
||